El archivo de Rubén Dario
Guardat en:
| Autor principal: | |
|---|---|
| Format: | Llibre |
| Idioma: | espanyol |
| Publicat: |
Buenos Aires
Losada
1943
|
| Matèries: | |
| Etiquetes: |
Afegir etiqueta
Sense etiquetes, Sigues el primer a etiquetar aquest registre!
|
MARC
| LEADER | 00000nam a2200000 a 4500 | ||
|---|---|---|---|
| 001 | UCX5443 | ||
| 003 | CL-VaPUC | ||
| 008 | 921117e19430000AG |||||||||||||||||spa|d | ||
| 082 | 0 | 4 | |a Ni866 |b GHI |2 21 |
| 100 | 0 | |a Ghiraldo, Alberto |e author |9 321732 | |
| 245 | 1 | 3 | |a El archivo de Rubén Dario |
| 300 | |a 508 p | ||
| 942 | |c BK | ||
| 945 | |d 19921117 00:00:00 | ||
| 260 | |a Buenos Aires |b Losada |c 1943 | ||
| 600 | 0 | 7 | |a DARIO, RUBEN |2 CL-VaPUC |9 268402 |
| 583 | |a last modification |c 19921117 00:00:00 |k Rodrigo Vera | ||
| 999 | |c 225690 |d 225688 | ||
| 952 | |0 0 |1 0 |4 0 |6 NI_866_000000000000000_GHI_1943 |7 0 |8 A |9 223436 |a BIBEDU |b BIBEDU |c ES_NOD |d 2019-11-15 |i 2922592 |o Ni866 GHI 1943 |p 2922592 |r 2023-08-09 |w 2019-11-15 |y BK |k LIT | ||